Azerbaycan mevzuatı (1993-1994-1995) (Record no. 2088)

MARC details
000 -BAŞLIK
Sabit Uzunlukta Kontrol Alanı 00771na a2200241 4500
001 - KONTROL NUMARASI
Denetim Alanı 20395
003 - KONTROL NUMARASI IDENTIFIER
Denetim Alanı MIRAKIL
005 - SON İŞLEM TARİHİ VE ZAMANI
Denetim Alanı 20181213154845.0
008 - SABİT-BOY VERİ ELEMANLARI - GENEL BİLGİLER
Sabit Uzunlukta Kontrol Alanı 170119b tu 000 0
020 ## - ULUSLARARASI STANDART KİTAP NUMARASI
Uluslararası Standart Kitap Numarası 9757307211
035 ## - SİSTEM KONTROL NUMARASI
Sistem Kontrol Numarası 20395
040 ## - KATALOGLAMA KAYNAK
Orijinal Kataloglama Ajansı Milas
Kataloglama Dili tur
Metne Dönüştürmek Ajansı TR-AnCHP
041 ## - DİL KODU
Metin / Ses Parça Veya Ayrı Başlığın Dil Kodu tur
082 ## - DEWEY ONLU SINIFLANDIRMA NUMARASI
Sınıflandırma Numarası 330.9471
Ürün Numarası A93 1995
090 ## - SINIFLAMA NUMARASI
Sınıflama Numarası 330.9471 A93 1995
245 ## - BAŞLIK TABLOSU
Başlık Azerbaycan mevzuatı (1993-1994-1995)
Sorumluluk Tablosu, Vb derleyen T.C. Dışişleri Bakanlığı
260 ## - YAYIN, DAĞITIM, VB
Yayın, Dağıtım, Vb Yeri Ankara
Yayıncı, Dağıtıcı, Vs Adı Türk İşbirliği ve Kalkınma Ajansı yayınları
Yayın, Dağıtım, Vb Tarihi 1995
Üretici Firma Desen ofset
300 ## - FİZİKSEL TANIM
Kapsam 199 s.
Diğer Fiziksel Ayrıntıları hrt.
Boyutlar 24 sm.
440 ## - SERİSİ TABLOSU / KATMA GİRİŞİ - BAŞLIK
Başlık Türk İşbirliği ve Kalkınma Ajansı Yayınları
Hacim / Ardışık Tanımı 21
650 ## - KONU KATMA GİRİŞ - TOPİKAL DÖNEM
Topikal Süreli Veya Coğrafi Ad Giriş Elemanı Ekonomi
Genel Alt Bölümü Hukuk ve mevzuat
Coğrafi Alt Bölümü Azerbaycan
710 ## - KATMA GİRİŞ - KURUMSAL ADI
Giriş Elemanı Olarak Kurumsal Ad Veya Yargı Alanı Adı Dışişleri Bakanlığı
942 ## - EKLENDİ GİRİŞ ELEMANLARI (KOHA)
Sınıflandırma Veya Raf Düzeni Kaynak Dewey Decimal Classification
Koha Öğesi Türü Books
999 ## - SİSTEM KONTROL NUMARALARI (KOHA)
Koha Biblionumber 2088
Koha Biblioitemnumber 2088
Holdings
Kalıcı Konum Mevcut Konum Edinme Tarihi Edinim Kaynak Toplam Check-Out'Lar Tam Çağrı Numarası Barkod Tarih Son Görülme İtibaren Geçerli Fiyatlar Koha Öğesi Türü
CHP Kütüphanesi CHP Kütüphanesi 01/18/2017 Bağış   330.9471 A93 1995 012016 01/18/2017 01/18/2017 Books